000 00634am a2200253a 44500
003 AR-BaBNM
005 20251128211138.0
008 172120s1985 #AR|||||||||||000 | esp||
020 _a84-7291-874-2
040 _cAR-BaBNM
100 1 _aNicolson, Harold
245 1 0 _aEl Congreso de Viena
260 _aMadrid
_bSarpe
_c1985
300 _a291 p.
490 0 _aBiblioteca de la historia
_vv. 28
650 4 _aSIGLO DIECINUEVE
650 4 _aHISTORIA EUROPEA
650 4 _aHISTORIA POLITICA
650 4 _aMOVIMIENTOS REVOLUCIONARIOS
650 4 _aTRATADOS DE PAZ
651 4 _aAustria
942 _cBK
998 _cmariana
999 _c18441
_d18441